Months of the Year Quiz Stats

 Plays Quiz not verified by Sporcle

Challenge
Share
Tweet
Embed
Score 0/12 Timer 02:00
0 Plays Today
Clue Month % Correct
The only month that may vary in lengthFebruary
76.9%
Can be put in front of 'bug' or 'beetle'June
70.8%
The walking of military troops in procession according to a steady rhythmMarch
61.1%
Auxiliary verb used to express possibility or opportunityMay
57.3%
Fictional television news reporter and friend of the Teenage Mutant Ninja TurtlesApril
53.3%
The eighth month in the old Roman calendarOctober
49%
First name of actress who plays Betty Draper on Mad MenJanuary
46.8%
Ruby is its birthstone; only month with no 'disambiguation' page on WikipediaJuly
45.4%
A song by Earth, Wind & FireSeptember
42.2%
This month is one of the letters of the phonetic alphabet, i.e. Alpha, Bravo, Charlie...November
41.9%
An 1825 Russian uprising took place in and is named after this monthDecember
33.2%
1986 Eric Clapton AlbumAugust
28.4%

You're not logged in!

Compare scores with friends on all Sporcle quizzes.
Join for Free
OR
Log In

You Might Also Like...

Show Comments

Extras

Created Jan 4, 2010ReportNominate
Tags:month

Top Quizzes Today


Score Distribution

Your Account Isn't Verified!

In order to create a playlist on Sporcle, you need to verify the email address you used during registration. Go to your Sporcle Settings to finish the process.

Report this User

Report this user for behavior that violates our Community Guidelines.

Details: